000 00414nam a2200181Ia 4500
001 4170
005 20260306145736.0
008 260306t2017||||xx |||||||||||||| ||spa||
041 _aESP
082 _a307.76
_bL38
100 _aLefebvre, Henri,
_eAUT
245 0 _aEl derecho a la ciudad
260 _c2017
300 _a167 páginas :
_c22 cm.
650 _aGEN
654 _aCHU
942 _cLIB
_dJUS
_fJUS
_2ddc
_n
999 _c4170
_d4170